| 000 | 00486nam a22001817a 4500 | ||
|---|---|---|---|
| 003 | CEME | ||
| 005 | 20210628210454.0 | ||
| 008 | 210127b xxu||||| |||| 00| 0 eng d | ||
| 020 | _a81-297-0139-1 | ||
| 040 | _c. | ||
| 082 | _a621.462 KRI | ||
| 100 |
_aKrishnan, R _961346 |
||
| 245 | _aElectric motor drives,modeling, analysis, and control | ||
| 260 |
_aINDIA _bPEARSON EDUCATION ASIA _c2003 |
||
| 300 | _aXXVIII,626P | ||
| 650 |
_aELECTRIC MOTOR DRIVES _979529 |
||
| 942 |
_cBK _2ddc |
||
| 999 |
_c584560 _d584560 |
||